[Event "Fagernes International 2022"]
[Site "Fagernes"]
[Date "2022.04.17"]
[Round "9.15"]
[White "Helgoy, Hakon"]
[Black "Hina, Ariza"]
[Result "1-0"]
[WhiteElo "1732"]
[BlackElo "1547"]
[Annotator "NA RC"]
[PlyCount "89"]
[EventDate "2022.04.10"]
[EventCountry "NOR"]
[SourceTitle "playchess.com"]
[Source "ChessBase"]
[SourceQuality "1"]

1. e4 {[%emt 0:03:22]} e5 {[%emt 0:00:47]} 2. Nf3 {[%emt 0:00:06]} Nc6 {[%emt 0:00:12]} 3. d4 {[%emt 0:00:06]} exd4 {[%emt 0:00:06]} 4. Nxd4 {[%emt 0:00:05]} Bc5 {[%emt 0:00:06]} 5. Be3 {[%emt 0:00:04]} Qf6 {[%emt 0:00:09]} 6. c3 {[%emt 0:00:09]} Bb6 {[%emt 0:00:20]} 7. Nc2 {[%emt 0:01:22]} Nge7 {[%emt 0:02:05]} 8. Bxb6 {[%emt 0:00:28]} axb6 {[%emt 0:00:11]} 9. Ne3 {[%emt 0:00:05]} d6 {[%emt 0:00:09]} 10. g3 {[%emt 0:00:45]} Be6 {[%emt 0:01:21]} 11. Na3 {[%emt 0:09:59]} O-O {[%emt 0:14:38]} 12. Bg2 {[%emt 0:01:31]} Qh6 {[%emt 0:13:18]} 13. O-O {[%emt 0:29:06]} f5 {[%emt 0:15:45]} 14. exf5 {[%emt 0:00:06]} Nxf5 {[%emt 0:00:08]} 15. Nxf5 {[%emt 0:00:30]} Bxf5 {[%emt 0:00:08]} 16. Re1 {[%emt 0:01:44]} Bh3 {[%emt 0:13:00]} 17. Bh1 {[%emt 0:02:45]} Qf6 {[%emt 0:06:02]} 18. f4 {[%emt 0:19:59]} Qg6 {[%emt 0:06:09]} 19. Be4 {[%emt 0:12:03]} Bf5 {[%emt 0:12:53]} 20. Bg2 {[%emt 0:02:26]} Kh8 {[%emt 0:01:07]} 21. Nb5 {[%emt 0:00:45]} Qf7 {[%emt 0:02:35]} 22. Qd5 {[%emt 0:02:43]} Qd7 {[%emt 0:01:48]} 23. Rad1 {[%emt 0:02:08]} Bg6 {[%emt 0:08:33]} 24. a3 {[%emt 0:17:20]} Rf5 {[%emt 0:00:59]} 25. Qc4 {[%emt 0:00:05]} Na5 {[%emt 0:01:36]} 26. Qxc7 {[%emt 0:03:57]} Qxb5 {[%emt 0:00:11]} 27. b4 {[%emt 0:00:34]} Nc4 {[%emt 0:03:59]} 28. a4 {[%emt 0:00:44]} Qxa4 {[%emt 0:02:37]} 29. Qxc4 {[%emt 0:00:21]} b5 {[%emt 0:00:28]} 30. Qc7 {[%emt 0:01:11]} Qa7+ {[%emt 0:00:33]} 31. Kh1 {[%emt 0:00:02]} Rf7 {[%emt 0:00:30]} 32. Qxd6 {[%emt 0:00:20]} Qf2 {[%emt 0:00:26]} 33. Bxb7 {[%emt 0:01:50]} Raf8 {[%emt 0:00:28]} 34. Bg2 {[%emt 0:00:26]} Bh5 {[%emt 0:00:23]} 35. Qd4 {[%emt 0:00:37]} Qc2 {[%emt 0:00:42]} 36. Rd2 {[%emt 0:00:11]} Qf5 {[%emt 0:00:30]} 37. Qd5 {[%emt 0:00:27]} Qg6 {[%emt 0:00:26]} 38. Be4 {[%emt 0:00:57]} Qh6 {[%emt 0:00:29]} 39. Qg5 {[%emt 0:00:19]} Qxg5 {[%emt 0:00:16]} 40. fxg5 {[%emt 0:00:07]} g6 {[%emt 0:00:40]} 41. Bg2 {[%emt 0:01:16]} Bg4 {[%emt 0:00:12]} 42. Kg1 {[%emt 0:00:39]} Rc8 {[%emt 0:04:56]} 43. Rc1 {[%emt 0:03:04]} Rf5 {[%emt 0:02:24]} 44. Rd4 {[%emt 0:03:48]} Rxg5 {[%emt 0:01:30]} 45. h4 {[%emt 0:00:20]} 1-0

[Event "Fagernes International 2022"]
[Site "Fagernes"]
[Date "2022.04.17"]
[Round "9.16"]
[White "Stromsodd, Jonas W"]
[Black "Andersen, Edvard"]
[Result "0-1"]
[WhiteElo "1588"]
[BlackElo "1534"]
[Annotator "NA RC"]
[PlyCount "64"]
[EventDate "2022.04.10"]
[EventCountry "NOR"]
[SourceTitle "playchess.com"]
[Source "ChessBase"]
[SourceQuality "1"]

1. f4 {[%emt 0:00:03]} Nf6 {[%emt 0:01:28]} 2. Nf3 {[%emt 0:00:09]} d5 {[%emt 0:00:35]} 3. e3 {[%emt 0:00:22]} Bf5 {[%emt 0:02:58]} 4. g3 {[%emt 0:01:19]} Nbd7 {[%emt 0:01:12]} 5. Bg2 {[%emt 0:00:34]} e6 {[%emt 0:00:50]} 6. d3 {[%emt 0:00:15]} Be7 {[%emt 0:01:32]} 7. O-O {[%emt 0:00:11]} Bg4 {[%emt 0:05:37]} 8. h3 {[%emt 0:03:38]} Bh5 {[%emt 0:00:26]} 9. g4 {[%emt 0:00:26]} Bg6 {[%emt 0:00:06]} 10. Nc3 {[%emt 0:00:48]} h5 {[%emt 0:01:35]} 11. g5 {[%emt 0:02:29]} Ng8 {[%emt 0:03:06]} 12. Nh4 {[%emt 0:01:10]} Nf8 {[%emt 0:03:57]} 13. Nxg6 {[%emt 0:09:58]} Nxg6 {[%emt 0:01:05]} 14. Qe1 {[%emt 0:01:23]} c6 {[%emt 0:07:03]} 15. Kh1 {[%emt 0:02:13]} f6 {[%emt 0:02:13]} 16. h4 {[%emt 0:02:11]} f5 {[%emt 0:05:59]} 17. e4 {[%emt 0:01:07]} Qc7 {[%emt 0:01:04]} 18. exf5 {[%emt 0:04:42]} exf5 {[%emt 0:00:28]} 19. Bh3 {[%emt 0:09:50]} Qd7 {[%emt 0:00:05]} 20. Nd1 {[%emt 0:00:46]} d4 {[%emt 0:05:03]} 21. c3 {[%emt 0:07:22]} c5 {[%emt 0:02:02]} 22. cxd4 {[%emt 0:04:34]} cxd4 {[%emt 0:00:05]} 23. b3 {[%emt 0:02:52]} O-O-O {[%emt 0:01:03]} 24. Qa5 {[%emt 0:05:24]} Qd5+ {[%emt 0:01:05]} 25. Qxd5 {[%emt 0:01:36]} Rxd5 {[%emt 0:00:04]} 26. Bd2 {[%emt 0:10:07]} Nxh4 {[%emt 0:11:28]} 27. Rc1+ {[%emt 0:02:05]} Kb8 {[%emt 0:05:37]} 28. Be1 {[%emt 0:00:53]} Ng6 {[%emt 0:00:15]} 29. Rf2 {[%emt 0:00:24]} Bd6 {[%emt 0:03:47]} 30. a4 {[%emt 0:10:35]} Nxf4 {[%emt 0:03:21]} 31. Rfc2 {[%emt 0:01:17]} Ne7 {[%emt 0:00:52]} 32. Bf1 {[%emt 0:00:42]} Rc8 {[%emt 0:01:27]} 0-1

[Event "Fagernes International 2022"]
[Site "Fagernes"]
[Date "2022.04.17"]
[Round "9.18"]
[White "Selvik, Elma"]
[Black "Albrigtsen, Tord"]
[Result "0-1"]
[WhiteElo "1392"]
[BlackElo "1300"]
[Annotator "NA"]
[PlyCount "106"]
[EventDate "2022.04.10"]
[EventCountry "NOR"]
[SourceTitle "playchess.com"]
[Source "ChessBase"]
[SourceQuality "1"]

1. d4 {[%emt 0:00:03]} d5 {[%emt 0:00:11]} 2. c4 {[%emt 0:00:11]} c6 {[%emt 0:00:09]} 3. Nc3 {[%emt 0:00:29]} Nf6 {[%emt 0:00:42]} 4. cxd5 {[%emt 0:01:31]} cxd5 {[%emt 0:02:08]} 5. Bf4 {[%emt 0:05:31]} Qb6 {[%emt 0:05:29]} 6. Qd2 {[%emt 0:03:18]} e6 {[%emt 0:03:21]} 7. a3 {[%emt 0:02:48]} Bd6 {[%emt 0:01:34]} 8. Bxd6 {[%emt 0:02:19]} Qxd6 {[%emt 0:00:12]} 9. Nf3 {[%emt 0:03:19]} Nc6 {[%emt 0:03:33]} 10. e3 {[%emt 0:02:49]} a6 {[%emt 0:00:23]} 11. Bd3 {[%emt 0:02:44]} b5 {[%emt 0:01:10]} 12. b4 {[%emt 0:03:13]} Bd7 {[%emt 0:01:02]} 13. O-O {[%emt 0:01:25]} O-O {[%emt 0:00:07]} 14. Rfd1 {[%emt 0:10:52]} Rfc8 {[%emt 0:05:20]} 15. Ne2 {[%emt 0:06:00]} e5 {[%emt 0:04:30]} 16. dxe5 {[%emt 0:06:12]} Nxe5 {[%emt 0:00:10]} 17. Nxe5 {[%emt 0:03:41]} Qxe5 {[%emt 0:00:11]} 18. Rac1 {[%emt 0:08:10]} Bf5 {[%emt 0:05:09]} 19. Bxf5 {[%emt 0:05:07]} Qxf5 {[%emt 0:00:09]} 20. Nd4 {[%emt 0:15:34]} Qd7 {[%emt 0:06:58]} 21. Rxc8+ {[%emt 0:06:21]} Rxc8 {[%emt 0:00:10]} 22. Nb3 {[%emt 0:02:53]} Kf8 {[%emt 0:02:37]} 23. Nc5 {[%emt 0:01:38]} Qc6 {[%emt 0:01:20]} 24. f3 {[%emt 0:08:03]} a5 {[%emt 0:02:30]} 25. Qb2 {[%emt 0:04:14]} axb4 {[%emt 0:00:49]} 26. axb4 {[%emt 0:00:22]} Nd7 {[%emt 0:04:22]} 27. Nxd7+ {[%emt 0:02:09]} Qxd7 {[%emt 0:00:09]} 28. e4 {[%emt 0:02:00]} Qa7+ {[%emt 0:00:47]} 29. Qd4 {[%emt 0:01:38]} Qxd4+ {[%emt 0:00:18]} 30. Rxd4 {[%emt 0:00:04]} dxe4 {[%emt 0:00:09]} 31. Rxe4 {[%emt 0:00:24]} f6 {[%emt 0:01:44]} 32. Kf2 {[%emt 0:00:34]} Rc2+ {[%emt 0:00:22]} 33. Re2 {[%emt 0:01:16]} Rc4 {[%emt 0:00:30]} 34. Re4 {[%emt 0:00:29]} Rxe4 {[%emt 0:02:01]} 35. fxe4 {[%emt 0:00:07]} Ke7 {[%emt 0:00:01]} 36. Ke3 {[%emt 0:00:17]} Kd6 {[%emt 0:00:09]} 37. Kd4 {[%emt 0:00:37]} h5 {[%emt 0:09:58]} 38. h4 {[%emt 0:00:36]} g5 {[%emt 0:01:06]} 39. hxg5 {[%emt 0:00:39]} fxg5 {[%emt 0:00:07]} 40. e5+ {[%emt 0:00:14]} Ke6 {[%emt 0:00:04]} 41. Kc5 {[%emt 0:38:41]} h4 {[%emt 0:00:08]} 42. Kxb5 {[%emt 0:00:53]} g4 {[%emt 0:00:07]} 43. Ka6 {[%emt 0:00:36]} h3 {[%emt 0:00:07]} 44. gxh3 {[%emt 0:00:38]} gxh3 {[%emt 0:00:08]} 45. b5 {[%emt 0:00:35]} h2 {[%emt 0:00:06]} 46. b6 {[%emt 0:00:10]} h1=Q {[%emt 0:00:06]} 47. b7 {[%emt 0:00:31]} Qc6+ {[%emt 0:00:33]} 48. Ka7 {[%emt 0:00:43]} Qc7 {[%emt 0:00:12]} 49. Ka8 {[%emt 0:01:15]} Qa5+ {[%emt 0:00:07]} 50. Kb8 {[%emt 0:00:29]} Kd7 {[%emt 0:00:31]} 51. e6+ {[%emt 0:00:26]} Kc6 {[%emt 0:00:09]} 52. e7 {[%emt 0:00:48]} Qc7+ {[%emt 0:00:06]} 53. Ka7 {[%emt 0:00:27]} Qxb7# {[%emt 0:00:07]} 0-1

[Event "Fagernes International 2022"]
[Site "Fagernes"]
[Date "2022.04.17"]
[Round "9.19"]
[White "Schneider, Andrea"]
[Black "Smedsrud, Morten S"]
[Result "1/2-1/2"]
[WhiteElo "1217"]
[BlackElo "1475"]
[Annotator "NA RC"]
[PlyCount "83"]
[EventDate "2022.04.10"]
[EventCountry "NOR"]
[SourceTitle "playchess.com"]
[Source "ChessBase"]
[SourceQuality "1"]

1. d4 {[%emt 0:00:01]} d5 {[%emt 0:10:15]} 2. c4 {[%emt 0:00:12]} c6 {[%emt 0:00:05]} 3. Nf3 {[%emt 0:00:08]} Nf6 {[%emt 0:00:06]} 4. Nc3 {[%emt 0:00:08]} e6 {[%emt 0:00:08]} 5. e3 {[%emt 0:00:06]} Nbd7 {[%emt 0:00:07]} 6. Bd3 {[%emt 0:00:08]} dxc4 {[%emt 0:00:18]} 7. Bxc4 {[%emt 0:00:09]} b5 {[%emt 0:00:17]} 8. Bd3 {[%emt 0:00:07]} Bb7 {[%emt 0:00:27]} 9. e4 {[%emt 0:02:46]} b4 {[%emt 0:02:43]} 10. e5 {[%emt 0:05:32]} bxc3 {[%emt 0:00:39]} 11. exf6 {[%emt 0:00:14]} cxb2 {[%emt 0:00:19]} 12. Bxb2 {[%emt 0:00:13]} Nxf6 {[%emt 0:03:34]} 13. O-O {[%emt 0:02:41]} c5 {[%emt 0:22:58]} 14. Qa4+ {[%emt 0:03:25]} Nd7 {[%emt 0:09:47]} 15. Ne5 {[%emt 0:04:05]} a6 {[%emt 0:10:22]} 16. dxc5 {[%emt 0:04:52]} Bd5 {[%emt 0:10:35]} 17. c6 {[%emt 0:02:44]} Nb6 {[%emt 0:00:41]} 18. c7+ {[%emt 0:00:28]} Nxa4 {[%emt 0:00:16]} 19. cxd8=Q+ {[%emt 0:00:18]} Rxd8 {[%emt 0:00:37]} 20. Bd4 {[%emt 0:03:36]} Bc5 {[%emt 0:04:11]} 21. Bxc5 {[%emt 0:06:10]} Nxc5 {[%emt 0:00:31]} 22. Rfc1 {[%emt 0:06:29]} Nxd3 {[%emt 0:02:31]} 23. Nxd3 {[%emt 0:00:32]} O-O {[%emt 0:05:02]} 24. Nc5 {[%emt 0:02:03]} Rd6 {[%emt 0:02:55]} 25. Rc2 {[%emt 0:03:01]} Rfd8 {[%emt 0:01:39]} 26. f3 {[%emt 0:01:12]} Kf8 {[%emt 0:01:59]} 27. Rac1 {[%emt 0:01:34]} Ke7 {[%emt 0:01:33]} 28. Kf2 {[%emt 0:01:47]} g5 {[%emt 0:00:39]} 29. Ke3 {[%emt 0:00:40]} h5 {[%emt 0:00:39]} 30. Ne4 {[%emt 0:07:27]} Bxe4 {[%emt 0:01:01]} 31. Kxe4 {[%emt 0:00:33]} f5+ {[%emt 0:01:26]} 32. Ke3 {[%emt 0:00:14]} e5 {[%emt 0:02:35]} 33. Rc7+ {[%emt 0:00:58]} R6d7 {[%emt 0:01:14]} 34. Rxd7+ {[%emt 0:01:14]} Rxd7 {[%emt 0:01:49]} 35. Rc6 Rd6 {[%emt 0:06:30]} 36. Rc7+ {[%emt 0:00:23]} Kf6 {[%emt 0:01:21]} 37. Rh7 {[%emt 0:01:46]} Kg6 {[%emt 0:02:54]} 38. Rh8 {[%emt 0:00:14]} h4 {[%emt 0:00:30]} 39. Rg8+ {[%emt 0:00:30]} Kf6 {[%emt 0:00:25]} 40. Rf8+ {[%emt 0:00:42]} Kg6 {[%emt 0:00:45]} 41. Rg8+ {[%emt 0:00:30]} Kf6 {[%emt 0:02:44]} 42. Rf8+ {[%emt 0:01:18]} 1/2-1/2

[Event "Fagernes International 2022"]
[Site "Fagernes"]
[Date "2022.04.17"]
[Round "9.20"]
[White "Hammer, Morten"]
[Black "Skogholt, Dag Havard"]
[Result "1-0"]
[WhiteElo "1331"]
[BlackElo "1170"]
[Annotator "NA RC"]
[PlyCount "75"]
[EventDate "2022.04.10"]
[EventCountry "NOR"]
[SourceTitle "playchess.com"]
[Source "ChessBase"]
[SourceQuality "1"]

1. e4 {[%emt 0:01:18]} c5 {[%emt 0:00:16]} 2. Nf3 {[%emt 0:00:18]} d6 {[%emt 0:00:22]} 3. c3 {[%emt 0:00:20]} Nf6 {[%emt 0:00:23]} 4. Be2 {[%emt 0:00:13]} Nxe4 {[%emt 0:02:46]} 5. Qa4+ {[%emt 0:00:10]} Bd7 {[%emt 0:00:33]} 6. Qxe4 {[%emt 0:00:08]} Nc6 {[%emt 0:00:17]} 7. O-O {[%emt 0:03:08]} g6 {[%emt 0:02:23]} 8. d4 {[%emt 0:02:19]} Bf5 {[%emt 0:03:44]} 9. Qe3 {[%emt 0:03:56]} h5 {[%emt 0:06:41]} 10. Bd3 {[%emt 0:02:19]} cxd4 {[%emt 0:09:54]} 11. Nxd4 {[%emt 0:03:44]} Bd7 {[%emt 0:09:26]} 12. Re1 {[%emt 0:31:59]} e5 {[%emt 0:07:04]} 13. Qe2 {[%emt 0:08:33]} a6 {[%emt 0:03:02]} 14. f4 {[%emt 0:01:06]} Bg7 {[%emt 0:03:21]} 15. fxe5 {[%emt 0:03:14]} dxe5 {[%emt 0:07:04]} 16. Nxc6 {[%emt 0:04:50]} Bxc6 {[%emt 0:00:14]} 17. Be4 {[%emt 0:04:22]} Qc7 {[%emt 0:05:45]} 18. Bxc6+ {[%emt 0:00:58]} Qxc6 {[%emt 0:00:08]} 19. Nd2 {[%emt 0:02:05]} O-O {[%emt 0:02:00]} 20. Ne4 {[%emt 0:05:25]} Rad8 21. Ng3 {[%emt 0:04:06]} Rd7 {[%emt 0:03:32]} 22. Rd1 {[%emt 0:01:19]} Re7 {[%emt 0:02:44]} 23. Be3 {[%emt 0:02:14]} f5 {[%emt 0:04:14]} 24. Bg5 {[%emt 0:00:41]} Ref7 {[%emt 0:00:39]} 25. Rd8 {[%emt 0:02:01]} f4 {[%emt 0:02:11]} 26. Rxf8+ {[%emt 0:00:15]} Rxf8 {[%emt 0:00:07]} 27. Ne4 {[%emt 0:00:49]} Rf7 {[%emt 0:05:51]} 28. Rd1 {[%emt 0:00:19]} Kh7 {[%emt 0:00:59]} 29. Rd6 {[%emt 0:02:10]} Qc8 {[%emt 0:04:14]} 30. b3 {[%emt 0:01:39]} Qf8 {[%emt 0:07:35]} 31. Qf3 {[%emt 0:03:47]} Qc8 {[%emt 0:01:57]} 32. h3 {[%emt 0:00:24]} Rd7 {[%emt 0:02:13]} 33. Qd3 {[%emt 0:01:11]} Rf7 {[%emt 0:01:18]} 34. Qd5 {[%emt 0:00:51]} Qf5 {[%emt 0:03:19]} 35. h4 {[%emt 0:12:23]} f3 {[%emt 0:01:36]} 36. Ng3 {[%emt 0:05:36]} f2+ {[%emt 0:04:47]} 37. Kf1 {[%emt 0:00:14]} Qg4 {[%emt 0:01:13]} 38. Qxf7 {[%emt 0:00:26]} 1-0

[Event "Fagernes International 2022"]
[Site "Fagernes"]
[Date "2022.04.17"]
[Round "9.21"]
[White "Skotheim, Havard"]
[Black "Holten, Terje"]
[Result "1-0"]
[WhiteElo "1340"]
[BlackElo "1237"]
[Annotator "NA RC"]
[PlyCount "49"]
[EventDate "2022.04.10"]
[EventCountry "NOR"]
[SourceTitle "playchess.com"]
[Source "ChessBase"]
[SourceQuality "1"]

1. e4 {[%emt 0:00:07]} c5 {[%emt 0:00:11]} 2. Nc3 {[%emt 0:00:31]} e5 {[%emt 0:00:16]} 3. Nf3 {[%emt 0:03:07]} Nc6 {[%emt 0:00:13]} 4. Bc4 {[%emt 0:02:41]} Nf6 {[%emt 0:00:35]} 5. d3 {[%emt 0:06:46]} g6 {[%emt 0:00:31]} 6. Ng5 {[%emt 0:01:47]} d5 {[%emt 0:05:15]} 7. Nxd5 {[%emt 0:04:15]} Be6 {[%emt 0:03:25]} 8. Nxe6 {[%emt 0:05:30]} fxe6 {[%emt 0:00:20]} 9. Nxf6+ {[%emt 0:02:13]} Qxf6 {[%emt 0:00:02]} 10. c3 {[%emt 0:02:38]} Bg7 {[%emt 0:00:42]} 11. Qg4 {[%emt 0:02:39]} Nd8 {[%emt 0:01:20]} 12. O-O {[%emt 0:03:09]} h5 {[%emt 0:02:26]} 13. Qg3 {[%emt 0:05:18]} Nf7 {[%emt 0:01:03]} 14. Bb5+ {[%emt 0:07:18]} Ke7 {[%emt 0:00:41]} 15. f4 {[%emt 0:05:00]} h4 {[%emt 0:01:15]} 16. Qe3 {[%emt 0:08:34]} b6 {[%emt 0:01:08]} 17. b4 {[%emt 0:04:09]} Bh6 {[%emt 0:01:04]} 18. g3 {[%emt 0:09:36]} cxb4 {[%emt 0:02:21]} 19. d4 {[%emt 0:09:15]} bxc3 {[%emt 0:04:12]} 20. Ba3+ {[%emt 0:01:44]} Kd8 {[%emt 0:00:49]} 21. dxe5 {[%emt 0:00:25]} Nxe5 {[%emt 0:02:20]} 22. Qd4+ {[%emt 0:01:25]} Kc8 {[%emt 0:00:54]} 23. fxe5 {[%emt 0:00:28]} Qg7 {[%emt 0:00:52]} 24. Ba6+ {[%emt 0:00:48]} Kc7 {[%emt 0:00:28]} 25. Qd6# {[%emt 0:00:35]} 1-0

[Event "Fagernes International 2022"]
[Site "Fagernes"]
[Date "2022.04.17"]
[Round "9.22"]
[White "Skogholt, Steinar Dieseth"]
[Black "Bollestad, Leiv Ove"]
[Result "0-1"]
[WhiteElo "1105"]
[BlackElo "1302"]
[Annotator "NA RC"]
[PlyCount "108"]
[EventDate "2022.04.10"]
[EventCountry "NOR"]
[SourceTitle "playchess.com"]
[Source "ChessBase"]
[SourceQuality "1"]

1. Nf3 {[%emt 0:00:08]} d5 {[%emt 0:00:35]} 2. d4 {[%emt 0:00:10]} Bf5 {[%emt 0:00:55]} 3. Bf4 {[%emt 0:00:45]} e6 {[%emt 0:01:03]} 4. e3 {[%emt 0:00:22]} Nf6 {[%emt 0:00:58]} 5. Bd3 {[%emt 0:01:47]} Bxd3 {[%emt 0:01:04]} 6. Qxd3 {[%emt 0:00:19]} a6 {[%emt 0:01:53]} 7. Qb3 {[%emt 0:01:40]} b6 {[%emt 0:02:14]} 8. Nbd2 {[%emt 0:00:53]} Bd6 {[%emt 0:00:36]} 9. Bg3 {[%emt 0:00:17]} O-O {[%emt 0:01:08]} 10. c3 {[%emt 0:03:11]} c5 {[%emt 0:02:52]} 11. Qc2 {[%emt 0:04:49]} Re8 {[%emt 0:02:43]} 12. Ne5 {[%emt 0:02:40]} Nfd7 {[%emt 0:05:52]} 13. Nxd7 {[%emt 0:04:51]} Qxd7 {[%emt 0:00:19]} 14. Bxd6 {[%emt 0:05:55]} Qxd6 {[%emt 0:00:16]} 15. O-O {[%emt 0:00:27]} Nd7 {[%emt 0:02:33]} 16. Nf3 {[%emt 0:01:44]} e5 {[%emt 0:01:06]} 17. dxe5 {[%emt 0:00:18]} Nxe5 {[%emt 0:00:18]} 18. Nxe5 {[%emt 0:03:06]} Qxe5 {[%emt 0:00:37]} 19. Rad1 {[%emt 0:01:44]} Rad8 {[%emt 0:00:52]} 20. Rd2 {[%emt 0:06:38]} Rd6 {[%emt 0:02:35]} 21. g3 {[%emt 0:03:38]} Red8 {[%emt 0:02:29]} 22. Rfd1 {[%emt 0:02:28]} h5 {[%emt 0:00:52]} 23. Qa4 {[%emt 0:03:38]} b5 {[%emt 0:01:46]} 24. Qf4 {[%emt 0:04:20]} f6 {[%emt 0:03:24]} 25. Kg2 {[%emt 0:04:30]} g5 {[%emt 0:02:26]} 26. Qxe5 {[%emt 0:03:24]} fxe5 {[%emt 0:00:14]} 27. b3 {[%emt 0:00:15]} Kf7 {[%emt 0:00:22]} 28. f3 {[%emt 0:03:57]} Ke6 {[%emt 0:00:51]} 29. h3 {[%emt 0:02:28]} d4 {[%emt 0:00:25]} 30. exd4 {[%emt 0:00:53]} exd4 {[%emt 0:00:24]} 31. cxd4 {[%emt 0:00:53]} Rxd4 {[%emt 0:00:53]} 32. Re2+ {[%emt 0:02:35]} Kf6 {[%emt 0:00:40]} 33. Rde1 {[%emt 0:00:46]} R8d6 {[%emt 0:00:30]} 34. Kf2 {[%emt 0:00:51]} c4 {[%emt 0:00:11]} 35. bxc4 {[%emt 0:01:35]} bxc4 {[%emt 0:00:32]} 36. Re5 {[%emt 0:02:32]} Rd2+ {[%emt 0:01:17]} 37. R5e2 {[%emt 0:00:07]} c3 {[%emt 0:01:26]} 38. Rxd2 {[%emt 0:02:22]} Rxd2+ {[%emt 0:00:47]} 39. Ke3 {[%emt 0:01:23]} Rxa2 {[%emt 0:00:57]} 40. Kd3 {[%emt 0:01:09]} Rf2 {[%emt 0:01:28]} 41. Ke3 {[%emt 0:00:42]} Rb2 {[%emt 0:01:47]} 42. Rc1 {[%emt 0:02:50]} c2 {[%emt 0:00:25]} 43. Kd3 {[%emt 0:01:08]} Rb3+ {[%emt 0:00:28]} 44. Kxc2 {[%emt 0:02:56]} Rxf3 {[%emt 0:00:12]} 45. g4 {[%emt 0:00:27]} h4 {[%emt 0:00:26]} 46. Kb2 {[%emt 0:00:37]} Rxh3 {[%emt 0:00:36]} 47. Rc6+ {[%emt 0:00:10]} Ke5 {[%emt 0:00:06]} 48. Rxa6 {[%emt 0:00:27]} Rg3 {[%emt 0:00:37]} 49. Ra4 {[%emt 0:01:05]} h3 {[%emt 0:00:16]} 50. Ra1 {[%emt 0:00:43]} Rxg4 {[%emt 0:00:24]} 51. Rh1 {[%emt 0:00:49]} Rh4 {[%emt 0:00:16]} 52. Kc2 {[%emt 0:01:35]} g4 {[%emt 0:00:19]} 53. Kd2 {[%emt 0:00:29]} g3 {[%emt 0:01:20]} 54. Ke2 {[%emt 0:00:49]} g2 {[%emt 0:00:17]} 0-1